JAKIE WYRÓŻNIAMY RODZAJE CERY? - Statystyki

Ogólne statystyki
  • Ten quiz został rozwiązany 43 razy
  • Średni wynik to 3 z 5
Statystyki odpowiedzi
Odpowiedź % Poprawnych
SUCHA
89%
TŁUSTA
89%
MIESZANA
65%
TRĄDZIKOWA
49%
WRAŻLIWA
32%
Nie znaleziono quizów pasujących do podanych kryteriów
Rozkład punktacji
Procent ludzi z każdym wynikiem
Percentyl według liczby udzielonych odpowiedzi
Twoja historia wyników
Nie rozwiązałeś tego quizu